00944naa a2200181 i 45000010005000000030009000050050017000140080039000310400029000700410008000991000141001072450127002486550030003757000113004057730216005189420013007349990015007479767KOSZ 00520180409142713.0180409s2012 uk fs |000 0 eng cKOSZ 005/HRaKOSZ 005/HR aeng1 aHRYNIEWICZ, Zdzisław.d1999 - 2012.bPolitechnika Koszalińska - Wydział Budownictwa i Inżynierii Środowiska,cKatedra Matematyki10aThe response of a double-beam on a nonlinear foundation arising from a moving load /cZdzisław Hryniewicz, Piotr Kozioł. 0aMateriały konferencyjne.1 aKOZIOŁ, Piotr.d1999 - 2012.bPolitechnika Koszalińska - Wydział Budownictwa i Inżynierii Środowiska0 iW :t Proceedings of the First International Conference on Railway Technology : research, development and maintenance / ed. J. Pombo. - dStirlingshire : Civil-Comp Press, 2012. -gPaper 112, 1-11z9781905088539 cROZ2UKD c9767d9767